000 00892nam0a22002531 4500
001 rc\738196
005 20250622113843.0
035 _a(NLR Aleph) 006267947
090 _a6918395
_c6918395
100 _a20040301d1985 |||y0rusy50 ca
101 0 _arus
102 _aRU
105 _aa |||||||||
200 1 _aПриродные условия и ресурсы Молдавской ССР
_fОтв. ред. А.В. Друмя
210 _aКишинев
_cШтиинца
_d1985
215 _a127 с., 1 л. карт.
_cил., карт.
_d21
300 _aВ надзаг.: Тирасп. гос. пед. ин-т им. Т.Г. Шевченко
320 _aБиблиогр.: с. 122-126 (140 назв.)
700 1 _aРымбу
_bН.Л.
_gНиколай Леонидович
801 0 _aRU
_bNLR
_gpsbo
801 1 _aRU
_bELAR
_2rusmarc
852 _aNLR
_j85-5/6270
942 _cBOOK
980 _aNB